00699nam a2200169 i 450000100060000000300090000600500170001500700030003200800410003511101020007624500950017826000540027330000310032785200320035899900170039095201220040746709ES-MaACL20230906161431.0t|030331s1972 bl ||||1| eng d2 aCongress International Society of Aesthetic Plastic Surgery (n1st.d1972. cRio de Janeiro)958310aFirst Congress International Society of Aesthetic Plastic Surgeryb: Rio de Janeiro, 1972. aRio de Janeiro : bPub. controladas F.M., c1972. aVIII, 60, XX p. ; c24 cm. aES-MaACLjC-40982 bR.80320 c46709d46709 00104070aATENEOMbATENEOMcDEPO2d2008-01-17eSCl0oC-40982p1049128r2023-02-23 00:00:00w2023-02-23yMONOGRAFIA